Mulholland's the Nurse,the Math, the Meds Drug calculation using dimention (Record no. 2841)

MARC details
000 -LEADER
fixed length control field 00419nam a22001577a 4500
008 - FIXED-LENGTH DATA ELEMENTS--GENERAL INFORMATION
fixed length control field 250404b |||||||| |||| 00| 0 eng d
020 ## - INTERNATIONAL STANDARD BOOK NUMBER
ISBN 9780323479500
100 ## - MAIN ENTRY--AUTHOR
Author Turner Susan J
245 ## - TITLE STATEMENT
Title Mulholland's the Nurse,the Math, the Meds Drug calculation using dimention
250 ## - EDITION STATEMENT
Edition statement 4th
260 ## - PUBLICATION, DISTRIBUTION, ETC. (IMPRINT)
Place of publication Missouri
Name of publisher Elsevier
Date of publication 2019
300 ## - COLLATION
Pagination xx,540p
650 ## - TRACINGS
Main Subject Drug Diseases
942 ## - ADDED ENTRY ELEMENTS (KOHA)
Item type Books
050 ## - LIBRARY OF CONGRESS CALL NUMBER
Classification number RS57
Item number .T87
Holdings
Source of classification or shelving scheme Not for loan Permanent location Current location Date acquired Accession No. Full call number Barcode. Koha item type
Library of Congress Classification   Medical Library Medical Library 04/04/2025 2024/64331 RS57.T87 2025-1152 Books